[Event "AUTO-OPEN-4626"]
[Site "http://www.queenalice.com/game.php?id=1866087"]
[Date "2025.11.24"]
[Round "1"]
[White "EdsonEstevam"]
[Black "cerenzo72"]
[Result "0-1"]
[WhiteElo "1732"]
[BlackElo "2151"]

1. e4 e5 2. Nf3 d6 3. Nc3 Nf6 4. d4 Bg4 5. Be2 Nbd7 6. dxe5 dxe5 7. Bg5 Be7 8.
Nd2 Bxe2 9. Qxe2 c6 10. a3 O-O 11. Qe3 b6 12. Qg3 Kh8 13. h4 Nh5 14. Qg4 Bxg5
15. Qxh5 Bxd2+ 16. Kxd2 Nf6+ 17. Ke2 Nxh5 18. g3 Qf6 19. Rad1 Qe6 20. b4 Qc4+
21. Kf3 Qxc3+ 22. Kg4 Nf6+ 23. Kh3 Qxc2 24. f3 Qb3 25. Ra1 Qxf3 26. Rae1 Nxe4
27. Rhg1 f5 28. Ref1 Qg4+ 29. Kh2 Rad8 30. a4 Rd2+ 31. Rg2 Rxg2+ 32. Kxg2 Qxg3+
33. Kh1 Qxh4+ 34. Kg1 Qg3+ 35. Kh1 Rd8 36. b5 Rd2 0-1

[Event "AUTO-OPEN-4626"]
[Site "http://www.queenalice.com/game.php?id=1866088"]
[Date "2025.11.24"]
[Round "1"]
[White "cerenzo72"]
[Black "EdsonEstevam"]
[Result "1-0"]
[WhiteElo "2160"]
[BlackElo "1734"]

1. c4 e5 2. Nc3 d6 3. g3 Nc6 4. Bg2 Nd4 5. e3 Ne6 6. Nge2 Nf6 7. O-O d5 8. cxd5
Nc5 9. d4 exd4 10. exd4 Na6 11. Nf4 Be7 12. b3 O-O 13. Bb2 Bd6 14. Qd2 Re8 15.
a3 Bf5 16. Rac1 Bxf4 17. Qxf4 Qc8 18. Nb5 Qd7 19. Nxc7 Nxc7 20. Rxc7 Qb5 21.
Qxf5 Qxb3 22. Rc2 Rad8 23. Rfc1 Nd7 24. d6 Re6 25. Bd5 Rf6 26. Qxf6 gxf6 27.
Bxb3 f5 28. Rc7 b5 29. d5 a5 30. Rc8 Rf8 31. Rxf8+ Nxf8 32. Bc2 b4 33. Bxf5 1-0

[Event "AUTO-ADV-4885"]
[Site "http://www.queenalice.com/game.php?id=1866145"]
[Date "2025.11.25"]
[Round "2"]
[White "mvson33"]
[Black "EdsonEstevam"]
[Result "0-1"]
[WhiteElo "1882"]
[BlackElo "1694"]

1. c4 e5 2. Nc3 Nc6 3. d3 Bb4 4. Bd2 Nf6 5. Nf3 d6 6. g3 Bg4 7. Bg2 h6 8. O-O
Qd7 9. Qc2 Bxc3 10. Bxc3 Ne7 11. Rac1 Bh3 12. Kh1 h5 13. Ng5 Bf5 14. Ne4 Nxe4
15. dxe4 Bh3 16. Rfd1 h4 17. Bxe5 f6 18. Bf4 g5 19. Bd2 hxg3 20. fxg3 Nc6 21.
Qc3 Qg4 22. Re1 Bxg2+ 23. Kxg2 Qh3+ 24. Kf3 O-O-O 25. Rh1 Ne5+ 26. Ke3 Rh4 0-1

[Event "AUTO-ADV-4885"]
[Site "http://www.queenalice.com/game.php?id=1866146"]
[Date "2025.11.25"]
[Round "2"]
[White "EdsonEstevam"]
[Black "mvson33"]
[Result "0-1"]
[WhiteElo "1718"]
[BlackElo "1858"]

1. e4 e5 2. Nf3 Nc6 3. d4 exd4 4. Nxd4 Nf6 5. Bg5 Be7 6. Bb5 O-O 7. Bxc6 dxc6 8.
e5 Nd7 9. Bxe7 Qxe7 10. Qe2 Qxe5 11. Qxe5 Nxe5 12. O-O Rd8 13. c3 Bg4 14. h3 Bh5
15. Nd2 c5 16. Nf5 Rxd2 17. b3 Rad8 18. Rfe1 Nc6 19. c4 Bg6 20. Nh4 Nd4 21. Re7
Nf5 22. Nxf5 Bxf5 23. Rxc7 Rd1+ 24. Rxd1 Rxd1+ 25. Kh2 g6 26. Rxb7 Rd2 27. Rxa7
Rxf2 28. Ra5 Be4 29. a4 Rxg2+ 30. Kh1 Kg7 31. Rxc5 Rg5+ 0-1

[Event "AUTO-ADV-4912"]
[Site "http://www.queenalice.com/game.php?id=1867890"]
[Date "2026.1.11"]
[Round "1"]
[White "marcoswerneck"]
[Black "EdsonEstevam"]
[Result "1-0"]
[WhiteElo "1879"]
[BlackElo "1733"]

1. e4 e5 2. d3 Bc5 3. Nf3 h6 4. a3 Nf6 5. h3 d6 6. Be2 Nc6 7. c3 Be6 8. a4 a6 9.
a5 d5 10. b4 Bd6 11. Be3 Qd7 12. Nbd2 d4 13. cxd4 exd4 14. Nxd4 Nxb4 15. Nxe6
Qxe6 16. O-O Qe5 17. Nf3 Qe6 18. Nd4 Qd7 19. Nf3 Rd8 20. e5 Nfd5 21. exd6 cxd6
22. Bd4 O-O 23. Qd2 Rc8 24. Bd1 Rfe8 25. Be3 Rc3 26. Ne1 Qe6 27. Bd4 Rc7 28. Bb3
Nc6 29. Bxd5 Qd7 30. Bc3 Ne7 31. Be4 d5 32. Bf3 Nf5 33. Bg4 Kh7 34. Qf4 g6 35.
Be5 Rc6 36. Nf3 f6 37. Bb2 g5 38. Bxf5+ 1-0